000
00291nam a22001217a 4500
020
_a
0-07-881207-0
082
_a
005.1 AND
100
_a
ANDERSEN DICK ,MCBEEN JANET
_9
56541
245
_a
APPLE WORKS TIPS & TRAPS
260
_a
CALIFORNIA
_b
MCGRAW HILL
_c
1986
300
_a
291P
942
_c
BK
999
_c
566932
_d
566932